000 00617nam a2200229Ia 4500
003 OSt
005 20220928124613.0
006 a|||||r|||| 00| 0
007 ta
008 220927b |||||||| |||| 00| 0 eng d
024 _a27782
037 _cTextual
040 _aSDCL
_cSDCL
_beng
041 _2eng
_aeng
082 _aJ :1-424, M7
100 _aRichards B N
_9466430
245 0 _aMicrobiology of terrestrial ecosystems.
260 _aUK
_bLongman Scientific & Technical
_c1987
300 _axvi,399p.
_ccm.
942 _hJ :1-424, M7
_cTEXL
_2CC
999 _c779284
_d779284